Normal view
MARC view
- مشرقي، حسن علي
Entry Personal Name
001 - CONTROL NUMBER
- control field: 41626
003 - CONTROL NUMBER IDENTIFIER
- control field: JO-AjAnu
005 - DATE AND TIME OF LATEST TRANSACTION
- control field: 20230606080919.0
008 - FIXED-LENGTH DATA ELEMENTS
- fixed length control field: 230606|| aca||aabn | a|a d
040 ## - CATALOGING SOURCE
- Original cataloging agency: JO-AjAnu
- Transcribing agency: JO-AjAnu
100 ## - HEADING--PERSONAL NAME
- Personal name: مشرقي، حسن علي
670 ## - SOURCE DATA FOUND
- Source citation: Work cat.: (JO-AjAnu)21329: مشرقي، حسن علي, author, نظرية القرارات الادارية:مدخل كمي في الادارة